000 00471nam a22001937a 4500
003 MPLRDC
005 20220104144210.0
008 210129b ||||| |||| 00| 0 eng d
020 _a957-30909-0-2
082 _a411.3 QYYX
100 _a荻原义秀医学博士
245 _a神奇麦绿素
_c
250 _a初版
260 _a
_b正向出版社
_c2000
300 _b
490 _a健康生活丛书
650 _a营养与食品
942 _cBK
_o411.3 QYYX
999 _c47338
_d47328